000 00931cab a2200277 4500
001 ABS45807
008 090401t1992 xxu||||| |||| 00| 0 eng d
035 _a(Sirsi) u55155
041 _aeng
100 _aStewart, A.
245 _aWhat price justice?
260 _c1992
350 _a0
490 _aBuilding
_v257(7731) 7 February 1992, 16-17(2)
520 _aIn the light of a survey of the top 10 UK contractors by "The Lawyer" of their use of legal firms, this article reports on the present concern over the high cost of building litigation and considers the use of arbitration and alternative dispute resolution.
650 _aALTERNATIVE DISPUTE RESOLUTION
650 _aCONSTRUCTION INDUSTRY
650 _aCOSTS
650 _aDISPUTE RESOLUTION
_96236
650 _aLEGAL DISPUTES
650 _aLEGAL FEES
690 _aBUILT ENVIRONMENT
700 _aChevin, D.
942 _n0
948 _c04/03/1997
999 _c33712
_d33712